Central Library OPAC University of Rajshahi

Studies in the pollen morphology of rosales / (Record no. 14483)

MARC details
000 -LEADER
fixed length control field 00976nam a2200313 a 4500
001 - CONTROL NUMBER
control field 14483
003 - CONTROL NUMBER IDENTIFIER
rucl marc code BD-RjUL
005 - DATE AND TIME OF LATEST TRANSACTION
control field 20211208235633.0
008 - FIXED-LENGTH DATA ELEMENTS--GENERAL INFORMATION
fixed length control field 161229s1982 ii uu b 0 a0eng
020 ## - INTERNATIONAL STANDARD BOOK NUMBER
International Standard Book Number 0880652268
035 ## - SYSTEM CONTROL NUMBER
System control number (BD-RjUL)14535
040 ## - CATALOGING SOURCE
Original cataloging agency DNAL
Language of cataloging eng
Transcribing agency DNAL
Modifying agency BD-RjUL
041 ## - LANGUAGE CODE
Language code of text/sound track or separate title eng
070 ## - NATIONAL AGRICULTURAL LIBRARY CALL NUMBER
Classification number QE993.A3
082 04 - DEWEY DECIMAL CLASSIFICATION NUMBER
Edition number 19
Classification number 581.3253
Author mark and year KAA 1982
100 1# - MAIN ENTRY--PERSONAL NAME
Personal name Katiyar, Kamlesh,
9 (RLIN) 45173
245 00 - TITLE STATEMENT
Title Studies in the pollen morphology of rosales /
Statement of responsibility, etc. Kamlesh Katiyar.
260 ## - PUBLICATION, DISTRIBUTION, ETC. (IMPRINT)
Place of publication, distribution, etc. New Delhi :
Name of publisher, distributor, etc. To-day and Tomorrow Printers and Publishers,
Date of publication, distribution, etc. 1982.
300 ## - PHYSICAL DESCRIPTION
Pagination ix, 80, [69] pages of plates :
Illustrations ill. :
Size 25 cm.
490 ## - SERIES STATEMENT
Series statement Advances in pollen-spore research,
Volume/sequential designation v. 8
650 #0 - SUBJECT ADDED ENTRY--TOPICAL TERM
Topical term or geographic name as entry element Pollen.
9 (RLIN) 38174
Topical term or geographic name as entry element Palynology.
9 (RLIN) 35633
Topical term or geographic name as entry element Plant spores.
9 (RLIN) 40123
785 02 - SUCCEEDING ENTRY
Title Zootecnica e nutrizione animale
830 ## - SERIES ADDED ENTRY--UNIFORM TITLE
Uniform title Advances in pollen-spore research
Volume number/sequential designation v. 8
942 ## - ADDED ENTRY ELEMENTS (KOHA)
Source of classification or shelving scheme Dewey Decimal Classification
Koha item type Books
Holdings
Lost status Source of classification or shelving scheme Damaged status Not for loan Collection code Permanent Location Current Location Shelving location Date acquired Source of acquisition Total Checkouts Full call number Date last seen Copy number Koha item type
  Dewey Decimal Classification   Not For Loan Non-fiction Central Library, University of Rajshahi Central Library, University of Rajshahi Reading Room 06/12/1983 Asia foundation   581.3253 KAS 1982 06/02/2014 C-1 Books
  Dewey Decimal Classification     Non-fiction Central Library, University of Rajshahi Central Library, University of Rajshahi Reading Room 06/12/1983     581.3253 KAS 1982 29/12/2016 C-2 Books
  Dewey Decimal Classification     Non-fiction Central Library, University of Rajshahi Central Library, University of Rajshahi Reading Room 06/12/1983     581.3253 KAS 1982 29/12/2016 C-3 Books
  Dewey Decimal Classification     Non-fiction Central Library, University of Rajshahi Central Library, University of Rajshahi Reading Room 06/12/1983     581.3253 KAS 1982 29/12/2016 C-4 Books